<?xml version="1.0" encoding="UTF-8"?>
<record
    xmlns:xsi="http://www.w3.org/2001/XMLSchema-instance"
    xsi:schemaLocation="http://www.loc.gov/MARC21/slim http://www.loc.gov/standards/marcxml/schema/MARC21slim.xsd"
    xmlns="http://www.loc.gov/MARC21/slim">

  <leader>01874nam1a2200373 i 4500</leader>
  <controlfield tag="001">RU\NLR\bibl\1329815</controlfield>
  <controlfield tag="005">20260405172338.0</controlfield>
  <datafield tag="035" ind1=" " ind2=" ">
    <subfield code="a">(NLR Aleph) 001315061</subfield>
  </datafield>
  <datafield tag="090" ind1=" " ind2=" ">
    <subfield code="a">703845</subfield>
    <subfield code="c">703845</subfield>
  </datafield>
  <datafield tag="100" ind1=" " ind2=" ">
    <subfield code="a">20090216g20079999k  y0rusy50      ca</subfield>
  </datafield>
  <datafield tag="101" ind1="0" ind2=" ">
    <subfield code="a">rus</subfield>
    <subfield code="d">eng</subfield>
  </datafield>
  <datafield tag="102" ind1=" " ind2=" ">
    <subfield code="a">RU</subfield>
  </datafield>
  <datafield tag="105" ind1=" " ind2=" ">
    <subfield code="a">||||z   |||||</subfield>
  </datafield>
  <datafield tag="200" ind1="1" ind2=" ">
    <subfield code="a">&#x42D;&#x43F;&#x43E;&#x445;&#x430; &#x44D;&#x43D;&#x435;&#x43E;&#x43B;&#x438;&#x442;&#x430; - &#x441;&#x440;&#x435;&#x434;&#x43D;&#x435;&#x439; &#x431;&#x440;&#x43E;&#x43D;&#x437;&#x44B; &#x426;&#x435;&#x43D;&#x442;&#x440;&#x430;&#x43B;&#x44C;&#x43D;&#x43E;&#x433;&#x43E; &#x41A;&#x430;&#x432;&#x43A;&#x430;&#x437;&#x430;</subfield>
    <subfield code="d">The epoch of aeneolith - viddle bronze of the Central Caucasus</subfield>
    <subfield code="f">&#x412;. &#x41B;. &#x420;&#x43E;&#x441;&#x442;&#x443;&#x43D;&#x43E;&#x432;</subfield>
    <subfield code="g">&#x412;&#x43B;&#x430;&#x434;&#x438;&#x43A;&#x430;&#x432;&#x43A;&#x430;&#x437;. &#x43D;&#x430;&#x443;&#x447;. &#x446;&#x435;&#x43D;&#x442;&#x440; &#x420;&#x43E;&#x441;. &#x430;&#x43A;&#x430;&#x434;. &#x43D;&#x430;&#x443;&#x43A; &#x438; &#x43F;&#x440;&#x430;&#x432;&#x438;&#x442;&#x435;&#x43B;&#x44C;&#x441;&#x442;&#x432;&#x430; &#x420;&#x435;&#x441;&#x43F;. &#x421;&#x435;&#x432;. &#x41E;&#x441;&#x435;&#x442;&#x438;&#x44F;-&#x410;&#x43B;&#x430;&#x43D;&#x438;&#x44F;, &#x421;&#x435;&#x432;.-&#x41E;&#x441;&#x435;&#x442;. &#x438;&#x43D;-&#x442; &#x433;&#x443;&#x43C;&#x430;&#x43D;&#x438;&#x442;. &#x438; &#x441;&#x43E;&#x446;&#x438;&#x430;&#x43B;. &#x438;&#x441;&#x441;&#x43B;&#x435;&#x434;. &#x438;&#x43C;. &#x412;. &#x418;. &#x410;&#x431;&#x430;&#x435;&#x432;&#x430;</subfield>
    <subfield code="z">eng</subfield>
  </datafield>
  <datafield tag="210" ind1=" " ind2=" ">
    <subfield code="a">&#x412;&#x43B;&#x430;&#x434;&#x438;&#x43A;&#x430;&#x432;&#x43A;&#x430;&#x437;</subfield>
    <subfield code="c">&#x421;&#x435;&#x432;&#x435;&#x440;&#x43E;-&#x41E;&#x441;&#x435;&#x442;&#x438;&#x43D;&#x441;&#x43A;&#x438;&#x439; &#x438;&#x43D;&#x441;&#x442;&#x438;&#x442;&#x443;&#x442; &#x433;&#x443;&#x43C;&#x430;&#x43D;&#x438;&#x442;&#x430;&#x440;&#x43D;&#x44B;&#x445; &#x438; &#x441;&#x43E;&#x446;&#x438;&#x430;&#x43B;&#x44C;&#x43D;&#x44B;&#x445; &#x438;&#x441;&#x441;&#x43B;&#x435;&#x434;&#x43E;&#x432;&#x430;&#x43D;&#x438;&#x439;</subfield>
    <subfield code="d">2007</subfield>
  </datafield>
  <datafield tag="215" ind1=" " ind2=" ">
    <subfield code="d">25</subfield>
  </datafield>
  <datafield tag="300" ind1=" " ind2=" ">
    <subfield code="a">&#x410;&#x432;&#x442;. &#x442;&#x430;&#x43A;&#x436;&#x435; &#x43D;&#x430; &#x430;&#x43D;&#x433;&#x43B;. &#x44F;&#x437;.: V. Rostunov</subfield>
  </datafield>
  <datafield tag="300" ind1=" " ind2=" ">
    <subfield code="a">&#x420;&#x435;&#x437;. &#x43D;&#x430; &#x430;&#x43D;&#x433;&#x43B;. &#x44F;&#x437;.</subfield>
  </datafield>
  <datafield tag="463" ind1=" " ind2="0">
    <subfield code="1">0011274420</subfield>
  </datafield>
  <datafield tag="463" ind1=" " ind2="0">
    <subfield code="1">0011273858</subfield>
  </datafield>
  <datafield tag="510" ind1="0" ind2=" ">
    <subfield code="6">z20790</subfield>
    <subfield code="a">The epoch of aeneolith - viddle bronze of the Central Caucasus</subfield>
    <subfield code="z">eng</subfield>
  </datafield>
  <datafield tag="606" ind1="1" ind2=" ">
    <subfield code="a">&#x411;&#x440;&#x43E;&#x43D;&#x437;&#x43E;&#x432;&#x44B;&#x439; &#x432;&#x435;&#x43A;</subfield>
    <subfield code="y">&#x41A;&#x430;&#x432;&#x43A;&#x430;&#x437; &#x426;&#x435;&#x43D;&#x442;&#x440;&#x430;&#x43B;&#x44C;&#x43D;&#x44B;&#x439;</subfield>
    <subfield code="9">2549698</subfield>
    <subfield code="3">RU\NLR\auth\661508847</subfield>
  </datafield>
  <datafield tag="606" ind1="1" ind2=" ">
    <subfield code="a">&#x42D;&#x43D;&#x435;&#x43E;&#x43B;&#x438;&#x442;</subfield>
    <subfield code="y">&#x41A;&#x430;&#x432;&#x43A;&#x430;&#x437; &#x426;&#x435;&#x43D;&#x442;&#x440;&#x430;&#x43B;&#x44C;&#x43D;&#x44B;&#x439;</subfield>
    <subfield code="9">2549694</subfield>
    <subfield code="3">RU\NLR\auth\661508846</subfield>
  </datafield>
  <datafield tag="686" ind1=" " ind2=" ">
    <subfield code="a">&#x422;4(2)254.1</subfield>
  </datafield>
  <datafield tag="686" ind1=" " ind2=" ">
    <subfield code="a">&#x422;4(2)264.1</subfield>
  </datafield>
  <datafield tag="700" ind1=" " ind2="1">
    <subfield code="4">070</subfield>
    <subfield code="8">rus</subfield>
    <subfield code="7">ca</subfield>
    <subfield code="a">&#x420;&#x43E;&#x441;&#x442;&#x443;&#x43D;&#x43E;&#x432;</subfield>
    <subfield code="b">&#x412;. &#x41B;.</subfield>
    <subfield code="g">&#x412;&#x44F;&#x447;&#x435;&#x441;&#x43B;&#x430;&#x432; &#x41B;&#x44C;&#x432;&#x43E;&#x432;&#x438;&#x447;</subfield>
    <subfield code="3">RU\NLR\auth\7773857</subfield>
    <subfield code="9">56785</subfield>
  </datafield>
  <datafield tag="790" ind1=" " ind2="1">
    <subfield code="4">070</subfield>
    <subfield code="8">rus</subfield>
    <subfield code="7">ba</subfield>
    <subfield code="a">Rostunov</subfield>
    <subfield code="b">V. L.</subfield>
    <subfield code="g">Vja&#x10D;eslav L'vovi&#x10D;</subfield>
    <subfield code="3">RU\NLR\auth\7773858</subfield>
    <subfield code="9">56786</subfield>
  </datafield>
  <datafield tag="801" ind1=" " ind2="0">
    <subfield code="a">RU</subfield>
    <subfield code="b">NLR</subfield>
    <subfield code="c">20090216</subfield>
    <subfield code="g">RCR</subfield>
  </datafield>
  <datafield tag="801" ind1=" " ind2="1">
    <subfield code="a">RU</subfield>
    <subfield code="b">NLR</subfield>
    <subfield code="c">20090216</subfield>
  </datafield>
  <datafield tag="830" ind1=" " ind2=" ">
    <subfield code="a">&#x43F;&#x43E; &#x43A;&#x43D;</subfield>
  </datafield>
  <datafield tag="852" ind1=" " ind2=" ">
    <subfield code="a">NLR</subfield>
    <subfield code="j">2008-7/5482</subfield>
  </datafield>
  <datafield tag="942" ind1=" " ind2=" ">
    <subfield code="c">BOOK</subfield>
  </datafield>
</record>
